Catalog

Record Details

Catalog Search



Veritas vincit = Pravda vítězí : symposium Praha 20.10.1994 : [sborník příspěvků / Ústav pro klasická studia AV ČR ; k vydání připravil Jiří K. Kroupa]

Summary:

Sborník příspěvků ze symposia, které se konalo v roce 1994 pod patronací Ústavu pro klasická studia AV ČR.

Record details

  • ISBN: 80-85917-10-6 (KLP : brož.)
  • Physical Description: 110 s. ; 21 cm
  • Edition: 1. vyd.
  • Publisher: Praha : KLP-Koniasch Latin Press : 1995

Content descriptions

General Note:
300 výt.
Pozn.
Bibliography, etc. Note:
Odkazy na lit.
Formatted Contents Note:
Věřili Řekové svým mýtům? : výbor / Paul Veyne ; z fr. přel. Milena a Jiří Šubrtovi

Available copies

  • 1 of 1 copy available at Common Catalog SPOK.

Holds

  • 0 current holds with 1 total copy.
Show Only Available Copies
Location Call Number / Copy Notes Barcode Shelving Location Status Due Date
Terezin Initiative Institute 5391 4594305391 Knihovna ITI Available -

LDR 01943nam a2200457 a 4500
00127483
003CZ-PrJAB
00520220902050340.0
008960118s1995 xr gr 100 0 cze
015 . ‡acnb000114080
020 . ‡a80-85917-10-6 (KLP : brož.)
035 . ‡a(CONS)2302
035 . ‡a(CZ PrSKC)cpk19950114080
035 . ‡a(OCoLC)50344582
040 . ‡aABA001 ‡bcze
080 . ‡a165.023.1 ‡2MRF
080 . ‡a111.83 ‡2MRF
080 . ‡a291.13 ‡2MRF
080 . ‡a(062.534) ‡2MRF
1112 . ‡aVeritas vincit - Pravda vítězí ‡d(1994 : ‡cPraha, Česko) ‡7pna2012688587
24510. ‡aVeritas vincit = ‡bPravda vítězí : symposium Praha 20.10.1994 : [sborník příspěvků / ‡cÚstav pro klasická studia AV ČR ; k vydání připravil Jiří K. Kroupa]
24631. ‡aPravda vítězí
250 . ‡a1. vyd.
260 . ‡aPraha : ‡bKLP-Koniasch Latin Press : ‡bÚstav pro klasická studia Akademie věd České republiky, ‡c1995
300 . ‡a110 s. ; ‡c21 cm
500 . ‡a300 výt.
500 . ‡aPozn.
504 . ‡aOdkazy na lit.
5052 . ‡aVěřili Řekové svým mýtům? : výbor / Paul Veyne ; z fr. přel. Milena a Jiří Šubrtovi
5209 . ‡aSborník příspěvků ze symposia, které se konalo v roce 1994 pod patronací Ústavu pro klasická studia AV ČR.
7001 . ‡aKroupa, Jiří, ‡d1951- ‡7jn20000401499 ‡4edt
70012. ‡aVeyne, Paul. ‡tVěřili Řekové svým mýtům?
7102 . ‡aÚstav pro klasická studia (Akademie věd ČR) ‡7ko20010091873
8524 . ‡bJACH-ITI ‡bJACH-ITI ‡cKnihovna ITI ‡j5391 ‡p5391 ‡y$0.00
910 . ‡aABE340 ‡b5391
995 . ‡askok
901 . ‡a27483 ‡bISxN ‡c27483 ‡tbiblio

Additional Resources